[Event "ACL-A053"]
[Site "www.playchess.de"]
[Date "2001.01.26"]
[Round "3"]
[White "player27"]
[Black "Smutje"]
[WhiteElo "1619"]
[BlackElo "1500"]
[PlyCount "61"]
[Result "1-0"]

1.e4 e5 2.Nf3 Qf6 3.Nc3 Nc6 4.Bb5 a6 5.Bc4 b5 
6.Bb3 a5 7.Nxb5 Qd8 8.Bd5 Rb8 9.Nc3 Qf6 10.O-O d6 
11.Bxc6+ Bd7 12.Bxd7+ Kxd7 13.d3 h5 14.Be3 Rxb2 
15.Rb1 Rb4 16.Rxb4 axb4 17.Nd5 Qg6 18.Nxb4 Ne7 
19.h4 c5 20.Bxc5 dxc5 21.Nxe5+ Ke8 22.Nxg6 fxg6 
23.Nd5 Nc6 24.Qb1 Bd6 25.Qb7 Nd8 26.Qxg7 Rf8 
27.Qxg6+ Kd7 28.Rb1 Nc6 29.Rb7+ Kc8 30.Qxd6 Rd8 
{remis?}  31.Qc7+ {so kurz vor dem Ziel?? -neee} 
 1-0

[Event "ACL-A056"]
[Site "www.playchess.de"]
[Date "2001.01.26"]
[Round "18"]
[White "Pietros"]
[Black "dakini"]
[WhiteElo "1393"]
[BlackElo "1318"]
[PlyCount "26"]
[Result "1-0"]

1.e4 e5 2.Bc4 Nf6 3.Nf3 Nxe4 4.Nc3 Ng5 5.d4 Nxf3+ 
6.Qxf3 f6 7.dxe5 d6 8.e6 Qe7 9.Bf4 Bxe6 10.O-O-O 
Bxc4 11.Rhe1 Be6 12.Qxb7 Qf7 13.Qc8+ Ke7 {Hi 
Pietros, that´s you who send me an email? 
congratulation o your match here ...} 
 1-0

[Event "HCL-C151"]
[Site "www.playchess.de"]
[Date "2001.01.26"]
[Round "21"]
[White "Stefan"]
[Black "Pocman"]
[WhiteElo "1408"]
[BlackElo "800"]
[PlyCount "36"]
[Result "0-1"]

1.e4 c5 2.d4 cxd4 3.c3 dxc3 4.Nxc3 Nc6 5.Nf3 d6 
6.Bc4 e6 7.O-O Be7 8.Re1 a6 9.Be3 b5 10.Bb3 Bb7 
11.Rc1 Nf6 12.Ng5 O-O 13.Nxf7 Kxf7 14.f4 Na5 
15.Bc2 Nc4 16.b3 Nxe3 17.Rxe3 d5 18.e5 
Bc5 0-1

[Event "HCL-A070"]
[Site "www.playchess.de"]
[Date "2001.01.26"]
[Round "3"]
[White "paule"]
[Black "kondor"]
[WhiteElo "1898"]
[BlackElo "1622"]
[PlyCount "25"]
[Result "1-0"]

1.e4 e5 2.Nf3 Nc6 3.Bb5 f5 4.Nc3 fxe4 5.Nxe4 d5 
6.Nxe5 dxe4 7.Nxc6 Qd5 8.c4 Qg5 9.d4 Qxg2 10.Qh5+ 
g6 11.Qe5+ Ne7 12.Nxe7+ Kf7 13.Be8+ 1-0

[Event "HCL-C154"]
[Site "www.playchess.de"]
[Date "2001.01.26"]
[Round "2"]
[White "dg"]
[Black "Translightor"]
[WhiteElo "1208"]
[BlackElo "885"]
[PlyCount "80"]
[Result "0-1"]

1.e4 c5 {Hello again!}  2.Nf3 e6 3.Nc3 d6 4.d4 
cxd4 5.Qxd4 Nc6 6.Qe3 a6 7.Bd3 Be7 8.b3 Nf6 9.Bb2 
b5 10.O-O O-O 11.Rfe1 Bb7 12.e5 dxe5 13.Nxe5 Qc7 
14.Rad1 Rad8 15.h3 Nb4 16.a3 Nxd3 17.Rxd3 Rxd3 
18.cxd3 Rd8 19.Ne2 Bd5 20.b4 Rc8 21.Rc1 Qb7 22.Ng3 
Rxc1+ 23.Qxc1 Bxg2 24.h4 h6 25.Qd1 Bd5 26.d4 Nd7 
27.Nd3 Bxh4 28.Nh5 Bf3 29.Qd2 Bxh5 30.Qf4 Bg5 
31.Qh2 Qf3 32.Ne1 Qd1 33.Bc3 Bf3 34.Qh3 Bg4 35.Qg3 
Nf6 36.Kg2 Ne4 37.Qb8+ Kh7 38.Qc8 Qe2 39.Qc6 Qxf2+ 
40.Kh1 Ng3+ 0-1

[Event "ACL-A076"]
[Site "www.playchess.de"]
[Date "2001.01.26"]
[Round "18"]
[White "dakini"]
[Black "Buziness"]
[WhiteElo "1409"]
[BlackElo "1500"]
[PlyCount "33"]
[Result "1-0"]

1.e4 d5 2.exd5 {Ou est-ce que tu vives?}  Qxd5 
3.Nc3 Qe5+ {A Paris ! Et toi ?}  4.Be2 {A Kassel. 
Qu´est-ce que tu fais? Ta profession??}  Nf6 
{Commercial ! Kassel, c'est vers où ?}  5.Nf3 
{C´est central, à-peu-près 150 km la direktion sud 
de Hannover (EXPO). Commercial?}  Qc5 6.d4 Qd6 
{Trader!}  7.Nb5 Qc6 8.c4 {trader... quelle 
choses? Moi je suis dentiste en une petite village 
ici}  Ne4 9.Qc2 Bf5 10.Ne5 Qb6 11.c5 Qa5+ 12.b4 
{Comment ca va?}  Qxb4+ 13.Bd2 Nxd2 14.Qxf5 Nb3+ 
15.Kf1 Nd2+ 16.Kg1 Qb2 17.Qc8+ 1-0

[Event "HCL-B148"]
[Site "www.playchess.de"]
[Date "2001.01.26"]
[Round "33"]
[White "Gruhni"]
[Black "ignomonius"]
[WhiteElo "1354"]
[BlackElo "1500"]
[PlyCount "57"]
[Result "1-0"]

1.e4 {Hi!}  g6 {hi}  2.d4 Bg7 {good luck}  3.Nf3 
c6 4.Nc3 d5 5.e5 Bg4 6.h3 Bxf3 7.Qxf3 e6 8.h4 Nh6 
9.g4 Nd7 10.Be3 Qe7 11.O-O-O O-O-O 12.Bd3 Ng8 
13.g5 c5 14.Nb5 c4 15.Nd6+ Kb8 16.Be2 Rf8 17.Bd2 
Nxe5 18.dxe5 Bxe5 19.Nb5 a6 20.Bc3 f6 21.gxf6 Bxf6 
22.Bxf6 Rxf6 23.Qg3+ Ka8 24.Nc7+ Ka7 25.Bg4 Nh6 
26.Qe3+ Kb8 27.Nxd5 Nxg4 28.Qg3+ Ka8 {Well 
Played!! ..Thank you for a good game.}  29.Nxe7 
{Thank you! Good luck in your other games!} 
 1-0

[Event "ACL-A079"]
[Site "www.playchess.de"]
[Date "2001.01.26"]
[Round "7"]
[White "Allesnehmer"]
[Black "Buziness"]
[WhiteElo "2180"]
[BlackElo "1500"]
[PlyCount "43"]
[Result "1-0"]

1.e4 d5 2.exd5 Qxd5 3.Nc3 Qe6+ 4.Be2 Qg6 5.Bf3 Nc6 
6.Nb5 Kd8 7.d3 Ne5 8.Be3 Nxf3+ 9.Qxf3 Bg4 10.Qxb7 
Rc8 11.Nxa7 e5 12.Nf3 Qd6 13.Nxe5 c5 14.Nxf7+ Ke8 
15.Nxd6+ Bxd6 16.Nxc8 Be5 17.f4 Bd4 18.Nd6+ Kd8 
19.Bxd4 cxd4 20.O-O h5 21.Rfe1 Nf6 
22.Nf7+ 1-0

[Event "HCL-C156"]
[Site "www.playchess.de"]
[Date "2001.01.26"]
[Round "13"]
[White "Stefan"]
[Black "Allesnehmer"]
[WhiteElo "1431"]
[BlackElo "1631"]
[PlyCount "50"]
[Result "0-1"]

1.e4 c5 2.d4 cxd4 3.c3 dxc3 4.Nxc3 Nc6 5.Bc4 e6 
6.Nf3 a6 7.O-O d6 8.Qe2 Nge7 9.Rd1 b5 10.Bb3 Ng6 
11.Be3 Bb7 12.Rac1 Rc8 13.Ng5 Qf6 14.f4 h6 15.e5 
Nxf4 16.Qf3 dxe5 17.Nge4 Qh4 18.Bxf4 Qxf4 19.Qh5 
Nd4 20.Rdf1 Qe3+ 21.Kh1 Bxe4 22.Qxf7+ Kd8 23.Rcd1 
Bc6 24.Rfe1 Qg5 25.Rd2 Qxd2 0-1

[Event "HCL-C089"]
[Site "www.playchess.de"]
[Date "2001.01.26"]
[Round "1"]
[White "Doris"]
[Black "Mother_Teresa"]
[WhiteElo "1000"]
[BlackElo "1151"]
[PlyCount "52"]
[Result "0-1"]

1.e4 e5 2.Nc3 Nf6 3.Nf3 Nc6 4.Bb5 d6 5.Bxc6+ bxc6 
6.d3 Bg4 7.O-O d5 8.Bg5 dxe4 9.Nxe4 Be7 10.Bxf6 
Bxf6 11.h3 Bh5 12.Qe2 O-O 13.g4 Bg6 14.Ned2 Re8 
15.Nc4 e4 16.dxe4 Bxe4 17.Kg2 Bd5 18.Qd3 Bxf3+ 
19.Qxf3 Qd5 20.Qxd5 cxd5 21.Ne3 c6 22.Nf5 Re2 
23.Kf3 Rxc2 24.Rab1 Rb8 25.Ke3 Rbxb2 26.Kd3 
Rc3+ 0-1

[Event "HCL-C089"]
[Site "www.playchess.de"]
[Date "2001.01.26"]
[Round "4"]
[White "Doris"]
[Black "exoticorn"]
[WhiteElo "1000"]
[BlackElo "1000"]
[PlyCount "38"]
[Result "0-1"]

1.e4 e5 2.Nc3 Nf6 3.Nf3 Nc6 4.Bb5 d6 5.Bxc6+ bxc6 
6.Qe2 Be7 7.d3 O-O 8.O-O Rb8 9.d4 exd4 10.Nd1 c5 
11.h3 Bb7 12.Nd2 Re8 13.b3 Qd7 14.Bb2 Bd8 15.Nb1 
Nxe4 16.Nd2 Ng3 17.Qd3 Nxf1 18.Kxf1 Qe6 19.g4 
Qe1+ 0-1

[Event "HCL-C089"]
[Site "www.playchess.de"]
[Date "2001.01.26"]
[Round "5"]
[White "exoticorn"]
[Black "Mother_Teresa"]
[WhiteElo "1000"]
[BlackElo "1151"]
[PlyCount "41"]
[Result "1/2-1/2"]

1.e4 e5 2.Bc4 d6 3.Nf3 Nf6 4.d3 Bg4 5.Nc3 Nc6 6.b3 
Nd4 7.Be3 Nxf3+ 8.gxf3 Bh5 9.Qe2 c6 10.d4 b5 
11.Bd3 a6 12.dxe5 dxe5 13.Qd1 Bb4 14.Bd2 O-O 
15.Rg1 Qd4 16.Nb1 Qxa1 17.Bxb4 Qd4 18.Bxf8 Kxf8 
19.Be2 Rd8 20.Qxd4 Rxd4 21.Rg5 1/2-1/2

[Event "HCL-C089"]
[Site "www.playchess.de"]
[Date "2001.01.26"]
[Round "8"]
[White "Mother_Teresa"]
[Black "Nunogomez"]
[WhiteElo "1151"]
[BlackElo "850"]
[PlyCount "73"]
[Result "1-0"]

1.e4 d6 2.d4 Nf6 3.Nc3 Nbd7 4.Nf3 e5 5.Bb5 h6 
6.O-O c6 7.Ba4 b5 8.Bb3 Ba6 9.Re1 b4 10.Na4 c5 
11.c3 Bb5 12.a3 Nb6 13.dxc5 dxc5 14.Nxb6 Qxb6 
15.Nxe5 Rd8 16.Qf3 Bd6 17.Nc4 Bxc4 18.Bxc4 Be5 
19.axb4 cxb4 20.Be3 Qc6 21.Qe2 Nxe4 22.cxb4 Bxb2 
23.Bxf7+ Kxf7 24.Qxb2 Qf6 25.Qxf6+ Nxf6 26.Bxa7 
Rde8 27.Bd4 Rxe1+ 28.Rxe1 Re8 29.Rxe8 Nxe8 30.b5 
Nd6 31.b6 Nb7 32.g4 g6 33.Kg2 Ke6 34.f4 Kd5 35.Bg7 
h5 36.gxh5 gxh5 37.Be5 1-0

[Event "HCL-C089"]
[Site "www.playchess.de"]
[Date "2001.01.26"]
[Round "10"]
[White "exoticorn"]
[Black "Nunogomez"]
[WhiteElo "1000"]
[BlackElo "850"]
[PlyCount "63"]
[Result "1-0"]

1.e4 d6 2.d4 Nf6 3.Nc3 Nc6 4.Nf3 Bg4 5.Be2 Bxf3 
6.Bxf3 e5 7.d5 Nd4 8.Be3 Nxf3+ 9.Qxf3 Qe7 10.O-O-O 
b6 11.Qe2 a6 12.f4 Nd7 13.f5 f6 14.Qh5+ g6 15.fxg6 
Bg7 16.gxh7+ Kd8 17.Qf5 Nf8 18.Rhf1 Nxh7 19.h4 Qd7 
20.g3 Qxf5 21.Rxf5 Kd7 22.Na4 Rab8 23.c4 b5 
24.cxb5 axb5 25.Nc3 Nf8 26.h5 Bh6 27.Bxh6 Rxh6 
28.b4 Nh7 29.Rdf1 Rf8 30.Nxb5 Ng5 31.Rxg5 fxg5 
32.Rxf8 1-0

[Event "HCL-B054"]
[Site "www.playchess.de"]
[Date "2001.01.26"]
[Round "1"]
[White "CHARON"]
[Black "rikkirich"]
[WhiteElo "1345"]
[BlackElo "1200"]
[PlyCount "45"]
[Result "1-0"]

1.e4 c5 2.Nf3 e6 3.d4 cxd4 4.Nxd4 Nc6 5.Nc3 Bb4 
6.Ndb5 a6 7.Nd6+ Bxd6 8.Qxd6 Nge7 9.Be3 O-O 10.Be2 
Qa5 11.O-O Qb4 12.Qxb4 Nxb4 13.Bc5 Nbc6 14.Na4 b5 
15.Nb6 Rb8 16.Rfd1 Rd8 17.Rd6 Ng6 18.g3 Nf8 
19.Nxc8 Rbxc8 20.b4 e5 21.c3 Rcb8 22.Rad1 Rb7 
23.Rxc6 1-0

[Event "HCL-B054"]
[Site "www.playchess.de"]
[Date "2001.01.26"]
[Round "2"]
[White "bodhi"]
[Black "CHARON"]
[WhiteElo "1200"]
[BlackElo "1345"]
[PlyCount "44"]
[Result "0-1"]

1.e4 c5 2.d4 cxd4 3.Nf3 e5 4.Nxe5 Qa5+ 5.c3 dxc3 
6.Nc4 cxb2+ 7.Nxa5 bxa1Q 8.Qb3 Qd4 9.Bd3 Bb4+ 
10.Bd2 Nc6 11.Nxc6 Bxd2+ 12.Nxd2 dxc6 13.O-O Ne7 
14.Nf3 Qb6 15.Qc4 Be6 16.Qa4 O-O 17.e5 Rad8 18.Qe4 
Bf5 19.Qh4 Ng6 20.Rb1 Qxb1+ 21.Bxb1 Rd1+ 22.Ne1 
Rxe1+ 0-1

[Event "HCL-B054"]
[Site "www.playchess.de"]
[Date "2001.01.26"]
[Round "4"]
[White "CHARON"]
[Black "Gruhni"]
[WhiteElo "1345"]
[BlackElo "1500"]
[PlyCount "72"]
[Result "1/2-1/2"]

1.e4 e5 2.Nf3 Nc6 3.Bc4 Bc5 4.c3 d6 5.d4 exd4 
6.cxd4 Bb4+ 7.Nc3 Bg4 8.Bxf7+ Kxf7 9.Ng5+ Qxg5 
10.Qb3+ Be6 11.Qxe6+ Kxe6 12.d5+ Kd7 13.dxc6+ bxc6 
14.Bxg5 Re8 15.O-O-O Bxc3 16.bxc3 Rxe4 17.Rhe1 
Rxe1 18.Rxe1 Nf6 19.Kc2 Re8 20.Rxe8 Nxe8 21.g4 h6 
22.Be3 Nf6 23.Bd4 c5 24.Bxf6 gxf6 25.Kd3 Ke6 26.f4 
f5 27.g5 h5 28.h4 d5 29.a4 a5 30.Ke3 c6 31.Kd3 c4+ 
32.Kd4 Kd6 33.Ke3 c5 34.Kd2 d4 35.Kc2 Kd5 36.Kd2 
d3 1/2-1/2

[Event "HCL-B054"]
[Site "www.playchess.de"]
[Date "2001.01.26"]
[Round "5"]
[White "Gruhni"]
[Black "rikkirich"]
[WhiteElo "1500"]
[BlackElo "1200"]
[PlyCount "100"]
[Result "0-1"]

1.e4 e5 2.Bc4 d6 3.Nf3 Be7 4.d3 Bg4 5.h3 Bh5 6.Nc3 
c6 7.Bd2 b5 8.Bb3 Nd7 9.g4 Bg6 10.h4 h6 11.Qe2 a5 
12.a3 Nc5 13.Ba2 b4 14.axb4 axb4 15.Nd1 b3 16.cxb3 
Nxb3 17.Bxb3 Rxa1 18.g5 hxg5 19.Nxg5 Bxg5 20.Bxg5 
Nf6 21.Qc2 Qa8 22.Bxf6 gxf6 23.Qc4 Qa5+ 24.Ke2 
Bh5+ 25.f3 Qc5 26.Qxc5 dxc5 27.Rg1 Kf8 28.Rg2 Rg8 
29.Rxg8+ Kxg8 30.Nc3 Rh1 31.Na4 Rxh4 32.Nxc5 Rh2+ 
33.Ke3 Rxb2 34.Nd7 Kg7 35.Ba4 Rh2 36.Bxc6 Rh3 
37.Kd2 Bxf3 38.Nc5 Bg4 39.Bd5 Rh8 40.Ke3 Re8 41.d4 
Be6 42.Bxe6 exd4+ 43.Kxd4 fxe6 44.e5 Rd8+ 45.Ke4 
f5+ 46.Ke3 Kf7 47.Nb7 Rd5 48.Nd6+ Rxd6 49.exd6 e5 
50.d7 Ke7 0-1

[Event "HCL-B054"]
[Site "www.playchess.de"]
[Date "2001.01.26"]
[Round "6"]
[White "bodhi"]
[Black "Gruhni"]
[WhiteElo "1200"]
[BlackElo "1500"]
[PlyCount "45"]
[Result "1-0"]

1.e4 e5 2.Nf3 Nc6 3.d4 exd4 4.Nxd4 d5 5.Nc3 Bb4 
6.Nxc6 bxc6 7.Qd4 Bxc3+ 8.bxc3 Qf6 9.e5 Qe6 10.c4 
Ne7 11.cxd5 cxd5 12.Ba3 c6 13.Bd3 Ng6 14.O-O-O Ne7 
15.g4 Qxg4 16.Qc5 Qe6 17.f4 Ng8 18.Qf8+ Kd7 
19.Qxg7 Qh6 20.Qxh8 Qxf4+ 21.Kb1 Rb8+ 22.Bb2 Qd4 
23.e6+ 1-0

[Event "HCL-B054"]
[Site "www.playchess.de"]
[Date "2001.01.26"]
[Round "7"]
[White "Felix"]
[Black "CHARON"]
[WhiteElo "1569"]
[BlackElo "1345"]
[PlyCount "50"]
[Result "0-1"]

1.d4 d5 2.c4 e6 3.Nc3 Nf6 4.Bg5 Nbd7 5.e3 c6 6.Nf3 
Qa5 7.Nd2 Bb4 8.Qc2 O-O 9.Be2 a6 10.O-O Re8 11.Nb3 
Qc7 12.c5 Bxc3 13.Qxc3 Ne4 14.Bf4 e5 15.Bxe5 Nxe5 
16.Qc2 Ng6 17.Bd3 Nf6 18.Nd2 Ng4 19.Nf3 Nh4 20.Ne5 
Nxe5 21.dxe5 Qxe5 22.Rae1 Bf5 23.Bxf5 Nxf5 24.a4 
Rad8 25.a5 d4 0-1

[Event "HCL-B054"]
[Site "www.playchess.de"]
[Date "2001.01.26"]
[Round "8"]
[White "rikkirich"]
[Black "Felix"]
[WhiteElo "1200"]
[BlackElo "1569"]
[PlyCount "78"]
[Result "0-1"]

1.e4 c5 2.Nf3 d6 3.Bc4 Nf6 4.e5 dxe5 5.Nxe5 e6 
6.O-O Bd6 7.Re1 Qc7 8.f4 Nbd7 9.d4 cxd4 10.Nxd7 
Bxd7 11.Bd3 Bxf4 12.Bxf4 Qxf4 13.Nd2 Bc6 14.Rf1 
Qc7 15.h3 O-O-O 16.a4 Nd5 17.Nc4 Nf4 18.Rf2 h5 
19.Qd2 g5 20.b4 e5 21.b5 Bd5 22.Bf5+ Be6 23.Bxe6+ 
Nxe6 24.Qb4 Nf4 25.b6 axb6 26.Nxb6+ Kb8 27.Qa5 Qd6 
28.Rb1 f6 29.Qa8+ Kc7 30.Qa5 Qc6 31.Rb5 Kd6 
32.Qb4+ Ke6 33.Rxf4 gxf4 34.Nc4 Kf5 35.Rb6 Qd5 
36.Qb3 Rhg8 37.Qd3+ e4 38.Qb3 Rg3 39.Rb5 
Rxb3 0-1

[Event "HCL-B054"]
[Site "www.playchess.de"]
[Date "2001.01.26"]
[Round "9"]
[White "Felix"]
[Black "bodhi"]
[WhiteElo "1569"]
[BlackElo "1200"]
[PlyCount "61"]
[Result "1-0"]

1.d4 Nf6 2.c4 d5 3.cxd5 Nxd5 4.e4 Nf6 5.Nc3 c5 
6.Bb5+ Nbd7 7.Bf4 a6 8.Bxd7+ Bxd7 9.e5 cxd4 
10.Qxd4 Nh5 11.Rd1 Nxf4 12.Qxf4 e6 13.Nf3 Qa5 
14.O-O Bc5 15.Ng5 f6 16.exf6 gxf6 17.Qxf6 Rf8 
18.Qh6 O-O-O 19.Nxe6 Qb6 20.Rxd7 Rxf2 21.Rxd8+ 
Qxd8 22.Nxc5 Qd4 23.Rxf2 Qxc5 24.Qf8+ Qxf8 
25.Rxf8+ Kc7 26.Kf2 b5 27.Rf6 b4 28.Ke3 bxc3 
29.bxc3 h5 30.Kd4 a5 31.Kd5 1-0

[Event "HCL-B054"]
[Site "www.playchess.de"]
[Date "2001.01.26"]
[Round "10"]
[White "Gruhni"]
[Black "Felix"]
[WhiteElo "1500"]
[BlackElo "1569"]
[PlyCount "79"]
[Result "1/2-1/2"]

1.e4 c5 2.Bc4 Nc6 3.Nc3 g6 4.Nf3 Bg7 5.d3 d6 6.Ng5 
e6 7.Qf3 Ne5 8.Bb5+ Bd7 9.Bxd7+ Qxd7 10.Qe2 Ne7 
11.f4 N5c6 12.Bd2 Nd4 13.Qd1 Nec6 14.Nf3 a6 15.Rb1 
Nb4 16.Nxd4 Bxd4 17.a3 Nc6 18.Ne2 Bg7 19.Bc3 f5 
20.exf5 exf5 21.Bxg7 Qxg7 22.Kd2 d5 23.Re1 O-O-O 
24.g3 Rhe8 25.c3 d4 26.c4 Re7 27.Ng1 Rde8 28.Rxe7 
Qxe7 29.Qe1 Qe3+ 30.Qxe3 dxe3+ 31.Kc3 Kc7 32.Nf3 
h6 33.Re1 e2 34.Kd2 Kd6 35.Rxe2 Rxe2+ 36.Kxe2 b5 
37.Ke3 bxc4 38.dxc4 a5 39.Nh4 Ne7 
40.Nf3 1/2-1/2

[Event "HCL-B054"]
[Site "www.playchess.de"]
[Date "2001.01.26"]
[Round "11"]
[White "CHARON"]
[Black "BerndS"]
[WhiteElo "1345"]
[BlackElo "1500"]
[PlyCount "56"]
[Result "0-1"]

1.e4 c5 2.Nf3 d6 3.d4 cxd4 4.Nxd4 Nf6 5.Nc3 a6 
6.Be2 e5 7.Nb3 Be7 8.Be3 Be6 9.O-O O-O 10.Na4 Nbd7 
11.Qd2 Nxe4 12.Qb4 b5 13.Qxe4 d5 14.Qf3 bxa4 
15.Nc1 Re8 16.c3 Nf6 17.Qg3 Qd6 18.f4 exf4 19.Bxf4 
Qb6+ 20.Kh1 Qxb2 21.Be5 Qxa1 22.Bd3 Qb2 23.c4 Nh5 
24.Qe3 Qb4 25.Bc3 Qc5 26.Bd4 Qc7 27.Be5 Qd7 
28.cxd5 Bxd5 0-1

[Event "HCL-B054"]
[Site "www.playchess.de"]
[Date "2001.01.26"]
[Round "12"]
[White "BerndS"]
[Black "rikkirich"]
[WhiteElo "1500"]
[BlackElo "1200"]
[PlyCount "51"]
[Result "1-0"]

1.d4 e6 2.e4 c5 3.Nf3 d5 4.Nc3 c4 5.Be2 Bb4 6.O-O 
Bxc3 7.bxc3 Ne7 8.e5 Nd7 9.a4 h6 10.Ba3 a5 11.Rb1 
Nb6 12.Bxe7 Kxe7 13.Qc1 Ke8 14.Qa3 Nd7 15.Nd2 b6 
16.f4 Qe7 17.Qd6 Qxd6 18.exd6 Rb8 19.Rb2 f6 
20.Bh5+ Kd8 21.Nf3 Nf8 22.Rfb1 g6 23.Bg4 f5 24.Bh3 
Nd7 25.Ne5 Rg8 26.Nc6+ 1-0

[Event "HCL-B054"]
[Site "www.playchess.de"]
[Date "2001.01.26"]
[Round "14"]
[White "BerndS"]
[Black "Gruhni"]
[WhiteElo "1500"]
[BlackElo "1500"]
[PlyCount "45"]
[Result "1/2-1/2"]

1.d4 e5 2.dxe5 Nc6 3.Nf3 d5 4.Bg5 Be7 5.Bxe7 Ngxe7 
6.e3 Bg4 7.Nc3 Nxe5 8.Be2 Bxf3 9.Bxf3 c6 10.O-O 
O-O 11.a3 Qb6 12.Rb1 Nc4 13.g3 Ng6 14.Ne2 Nce5 
15.Bg2 Qc7 16.b3 Rad8 17.h3 f5 18.f4 Nd7 19.Nd4 
Rf6 20.Re1 Nc5 21.Qd2 Ne4 22.Bxe4 dxe4 
23.Qc3 1/2-1/2

[Event "HCL-B054"]
[Site "www.playchess.de"]
[Date "2001.01.26"]
[Round "15"]
[White "Felix"]
[Black "BerndS"]
[WhiteElo "1569"]
[BlackElo "1500"]
[PlyCount "64"]
[Result "0-1"]

1.d4 Nf6 2.c4 e6 3.Nc3 Bb4 4.e3 O-O 5.Nge2 d5 6.a3 
Be7 7.cxd5 exd5 8.g3 c6 9.Bg2 Re8 10.O-O a5 11.b3 
Na6 12.Nf4 Nc7 13.Ra2 Rb8 14.h3 Ne6 15.Nce2 Nxf4 
16.Nxf4 Ne4 17.Rc2 Bd6 18.Ne2 Be6 19.Kh2 Qc7 
20.Qe1 h5 21.f3 Nxg3 22.Nxg3 h4 23.f4 hxg3+ 
24.Qxg3 Bf5 25.Rc3 Re6 26.Bxd5 Rg6 27.Qe1 Bxh3 
28.Be4 Rh6 29.Kg1 Bxf1 30.Qxf1 Re8 31.Bf5 Qe7 
32.a4 Qh4 0-1

[Event "HCL-B054"]
[Site "www.playchess.de"]
[Date "2001.01.26"]
[Round "16"]
[White "Eminem16"]
[Black "CHARON"]
[WhiteElo "1401"]
[BlackElo "1345"]
[PlyCount "26"]
[Result "0-1"]

1.c4 Nf6 2.Nc3 e6 3.d3 Nc6 4.g3 Bc5 5.Bg2 d5 
6.cxd5 Nxd5 7.Bd2 O-O 8.Rc1 Bb4 9.a3 Be7 10.Nf3 
Bf6 11.O-O Ne5 12.b4 c6 13.Ne4 
Nxf3+ 0-1

[Event "HCL-B054"]
[Site "www.playchess.de"]
[Date "2001.01.26"]
[Round "17"]
[White "rikkirich"]
[Black "Eminem16"]
[WhiteElo "1200"]
[BlackElo "1401"]
[PlyCount "23"]
[Result "1-0"]

1.d4 b6 2.e4 Bb7 3.Nc3 e6 4.Nf3 c5 5.d5 d6 6.Bb5+ 
Nd7 7.dxe6 fxe6 8.Ng5 Qf6 9.Bc4 O-O-O 10.O-O d5 
11.exd5 Qe5 12.Nf7 1-0

[Event "HCL-B054"]
[Site "www.playchess.de"]
[Date "2001.01.26"]
[Round "18"]
[White "Eminem16"]
[Black "bodhi"]
[WhiteElo "1401"]
[BlackElo "1200"]
[PlyCount "28"]
[Result "0-1"]

1.c4 e5 2.Nc3 Bc5 3.g3 Qf6 4.Nf3 d6 5.d3 Nc6 6.Nd5 
Qd8 7.Bg2 Be6 8.Ng5 h6 9.Nxe6 fxe6 10.Nc3 Nf6 
11.Bxc6+ bxc6 12.Qa4 O-O 13.Qxc6 Ng4 14.f3 
Nf2 0-1

[Event "HCL-B054"]
[Site "www.playchess.de"]
[Date "2001.01.26"]
[Round "20"]
[White "Eminem16"]
[Black "Felix"]
[WhiteElo "1401"]
[BlackElo "1569"]
[PlyCount "28"]
[Result "0-1"]

1.c4 Nf6 2.Nc3 g6 3.d4 d5 4.e3 Bg7 5.cxd5 Nxd5 
6.Bd2 O-O 7.g3 Nb6 8.Bg2 e5 9.dxe5 Bxe5 10.Nf3 Bg7 
11.O-O c6 12.b3 Re8 13.Rc1 Bf5 14.Ne2 
Nd5 0-1

[Event "HCL-B054"]
[Site "www.playchess.de"]
[Date "2001.01.26"]
[Round "21"]
[White "BerndS"]
[Black "Eminem16"]
[WhiteElo "1500"]
[BlackElo "1401"]
[PlyCount "21"]
[Result "1-0"]

1.d4 b6 2.e4 Bb7 3.Nc3 e6 4.Nf3 c5 5.Bf4 cxd4 
6.Nxd4 Bb4 7.Ndb5 Bxc3+ 8.bxc3 Qf6 9.Nc7+ Kd8 
10.Qd2 Bxe4 11.Bg5 1-0

[Event "HCL-B037"]
[Site "www.playchess.de"]
[Date "2001.01.26"]
[Round "1"]
[White "abed"]
[Black "gysi"]
[WhiteElo "1500"]
[BlackElo "1500"]
[PlyCount "29"]
[Result "1-0"]

1.c4 e6 2.Nc3 b6 3.d4 Bb7 4.Nf3 Bb4 5.Bd2 Be7 6.e4 
d6 7.Bd3 Nf6 8.O-O O-O 9.Qc2 h6 10.Rad1 Nbd7 
11.Bc1 c5 12.d5 e5 13.Ne1 Nh7 14.f4 Bc8 
15.f5 1-0

[Event "HCL-B037"]
[Site "www.playchess.de"]
[Date "2001.01.26"]
[Round "2"]
[White "Hubble"]
[Black "abed"]
[WhiteElo "1500"]
[BlackElo "1500"]
[PlyCount "80"]
[Result "0-1"]

1.d4 g6 2.e4 d6 3.c4 c6 4.f4 Na6 5.Nf3 Bg7 6.Be3 
c5 7.Nc3 cxd4 8.Bxd4 Bxd4 9.Qxd4 f6 10.a3 Nc5 
11.Rd1 Nh6 12.h3 Nb3 13.Qd5 Qb6 14.Qb5+ Bd7 
15.Qxb6 axb6 16.Nd5 Ra5 17.Nxb6 Bc6 18.Nd5 Nf7 
19.Bd3 Nc5 20.Bc2 Ba4 21.Bxa4+ Rxa4 22.Nc3 Rxc4 
23.Nd2 Rd4 24.Ke2 e5 25.Ke3 Rd3+ 26.Ke2 Rg3 27.Kf2 
exf4 28.Ne2 Nd3+ 29.Kf1 Re3 30.Nc4 Rxe4 31.Nxd6+ 
Nxd6 32.Rxd3 Nc4 33.Kf2 O-O 34.Rb3 Rfe8 35.Nc3 Rd4 
36.Rxb7 Rd2+ 37.Kf3 Re3+ 38.Kg4 Rxg2+ 39.Kxf4 Rf2+ 
40.Kg4 Ne5+ 0-1

[Event "HCL-B037"]
[Site "www.playchess.de"]
[Date "2001.01.26"]
[Round "3"]
[White "gysi"]
[Black "Hubble"]
[WhiteElo "1500"]
[BlackElo "1500"]
[PlyCount "36"]
[Result "0-1"]

1.e4 e5 2.f4 d5 3.exd5 Qxd5 4.Nc3 Qa5 5.Nf3 exf4 
6.Bc4 Bd7 7.O-O Qc5+ 8.d4 Qxc4 9.Re1+ Ne7 10.Ne5 
Qa6 11.Bxf4 Nbc6 12.Nd5 O-O-O 13.Nxc6 Nxd5 14.Nxd8 
Nxf4 15.Nxf7 Qg6 16.Qd2 Qxf7 17.Ref1 g5 18.g3 
Nh3+ 0-1

[Event "HCL-B037"]
[Site "www.playchess.de"]
[Date "2001.01.26"]
[Round "4"]
[White "abed"]
[Black "Ghostdog"]
[WhiteElo "1500"]
[BlackElo "1500"]
[PlyCount "66"]
[Result "1/2-1/2"]

1.c4 Nf6 2.d4 g6 3.Nc3 Bg7 4.Nf3 d6 5.h3 O-O 6.e3 
c6 7.Bd3 Nbd7 8.Bd2 e5 9.Qc2 exd4 10.exd4 Re8+ 
11.Ne2 d5 12.O-O dxc4 13.Bxc4 Nb6 14.Ba5 Bf5 
15.Qb3 Be6 16.Bxe6 Rxe6 17.Rfe1 Nfd7 18.Nc3 Rxe1+ 
19.Rxe1 Qf6 20.Ne2 Re8 21.Bc3 Qf5 22.Qd1 Kf8 
23.Ng3 Rxe1+ 24.Qxe1 Qe6 25.Qxe6 fxe6 26.Ng5 e5 
27.Ne6+ Kf7 28.Nxg7 Kxg7 29.dxe5 Kf7 30.f4 Nd5 
31.Ne2 Nxc3 32.Nxc3 Ke6 33.g4 h5 1/2-1/2

[Event "HCL-B037"]
[Site "www.playchess.de"]
[Date "2001.01.26"]
[Round "5"]
[White "Ghostdog"]
[Black "gysi"]
[WhiteElo "1500"]
[BlackElo "1500"]
[PlyCount "33"]
[Result "1-0"]

1.e4 d5 2.exd5 Nf6 3.d4 Qxd5 4.c4 Qd8 5.Nf3 Bg4 
6.Be2 e6 7.O-O c6 8.h3 Bf5 9.c5 Be7 10.Bf4 O-O 
11.Nbd2 Nbd7 12.b4 Nd5 13.Bh2 Nxb4 14.Qb3 Qa5 
15.a3 Nc2 16.Qxb7 Nxa1 17.Qxd7 1-0

[Event "HCL-B037"]
[Site "www.playchess.de"]
[Date "2001.01.26"]
[Round "7"]
[White "mrchess"]
[Black "abed"]
[WhiteElo "1550"]
[BlackElo "1500"]
[PlyCount "66"]
[Result "0-1"]

1.d4 g6 2.c4 Nf6 3.Nc3 Bg7 4.Nf3 O-O 5.Bg5 d6 6.e4 
Na6 7.Be2 h6 8.Bh4 c5 9.d5 Nc7 10.O-O a6 11.h3 Rb8 
12.a4 g5 13.Bg3 Nh5 14.Bh2 Bxc3 15.bxc3 Ne8 
16.Nxg5 hxg5 17.Bxh5 f6 18.Bg6 Kg7 19.Bh5 Rh8 
20.f4 Qa5 21.Qf3 g4 22.Bxg4 Bxg4 23.Qxg4+ Kf8 
24.Rf3 b5 25.cxb5 axb5 26.e5 bxa4 27.e6 Rh7 28.f5 
a3 29.Qc4 Rb2 30.Rf2 Qb6 31.Qf1 c4 32.Bg3 a2 
33.Rd1 Rb1 0-1

[Event "HCL-B037"]
[Site "www.playchess.de"]
[Date "2001.01.26"]
[Round "8"]
[White "gysi"]
[Black "mrchess"]
[WhiteElo "1500"]
[BlackElo "1550"]
[PlyCount "30"]
[Result "0-1"]

1.e4 e5 2.f4 d6 3.Nf3 Be7 4.Bc4 Nc6 5.O-O Nf6 6.d3 
O-O 7.c3 a6 8.Be3 Na5 9.Nbd2 Bg4 10.h3 Bxf3 
11.Qxf3 Nxc4 12.Nxc4 b5 13.Nd2 Nd7 14.f5 Bg5 
15.Kh2 Bxe3 0-1

[Event "HCL-B037"]
[Site "www.playchess.de"]
[Date "2001.01.26"]
[Round "9"]
[White "mrchess"]
[Black "Hubble"]
[WhiteElo "1550"]
[BlackElo "1500"]
[PlyCount "60"]
[Result "1/2-1/2"]

1.d4 Nf6 2.c4 e6 3.Nc3 c5 4.Nf3 cxd4 5.Qxd4 Nc6 
6.Qd1 Bb4 7.Bg5 Bxc3+ 8.bxc3 h6 9.Bh4 b6 10.Nd4 
Ne5 11.e3 Bb7 12.Nb5 d5 13.cxd5 Bxd5 14.f3 O-O 
15.e4 Bc6 16.Qxd8 Rfxd8 17.Bxf6 gxf6 18.Nd4 Rac8 
19.Ba6 Rc7 20.O-O Bd7 21.Rac1 Nc4 22.Bxc4 Rxc4 
23.Rf2 Rdc8 24.Rfc2 b5 25.Kf2 e5 26.Ne2 b4 27.Ke3 
Ba4 28.Rb2 bxc3 29.Rb7 a6 30.Rb6 
Bb5 1/2-1/2

[Event "HCL-B037"]
[Site "www.playchess.de"]
[Date "2001.01.26"]
[Round "10"]
[White "Ghostdog"]
[Black "mrchess"]
[WhiteElo "1500"]
[BlackElo "1550"]
[PlyCount "53"]
[Result "1/2-1/2"]

1.e4 e5 2.Nf3 Nf6 3.Nxe5 d6 4.Nf3 Nxe4 5.Qe2 Qe7 
6.d3 Nf6 7.Bg5 Qxe2+ 8.Bxe2 Be7 9.Nc3 c6 10.Nd4 
O-O 11.O-O-O Nbd7 12.Nf5 Re8 13.Ne4 d5 14.Nxe7+ 
Rxe7 15.Nxf6+ gxf6 16.Bh6 Rxe2 17.Rde1 Rxe1+ 
18.Rxe1 Ne5 19.d4 Nd3+ 20.cxd3 Be6 21.Re3 Kh8 
22.Rg3 Rg8 23.Rxg8+ Kxg8 24.Kd2 f5 25.h3 f6 26.Ke2 
Kf7 27.f3 1/2-1/2